000
00296nam a22001337a 4500
003
SGT
082
_a
615.1
_b
P05D
100
_a
DOUGLASS,M.E.
245
_a
PEARLS OF HOMOEOPATHIC MATERIA MEDICA
260
_a
INDIA
_b
B.JAIN PUB
_c
2005
300
_a
200
650
_a
HOMOEOPATHIC
942
_2
ddc
_c
BK
999
_c
20431
_d
20431